[Event "6. Torneo Distrito Chamartin 2017"]
[Site "Madrid ESP"]
[Date "2017.09.07"]
[Round "6.4"]
[White "Fernandez Alvarez, Luis"]
[Black "Alfaya Marcelo, Roberto"]
[Result "1/2-1/2"]
[WhiteElo "2088"]
[BlackElo "2126"]
[PlyCount "168"]
[EventDate "2017.09.04"]
[EventType "swiss"]
[EventRounds "9"]
[EventCountry "ESP"]
[SourceTitle "Ajedrez en Madrid"]
[Source "lmi"]
[SourceDate "2017.09.04"]
[SourceVersion "1"]
[SourceVersionDate "2018.03.05"]
[SourceQuality "1"]

1. e4 c5 2. Nf3 d6 3. d4 cxd4 4. Nxd4 Nf6 5. Nc3 g6 6. Be3 Bg7 7. f3 O-O 8. Qd2
Nc6 9. O-O-O d5 10. Kb1 Nxd4 11. e5 Nf5 12. exf6 exf6 13. Nxd5 Nxe3 14. Qxe3
Re8 15. Nxf6+ Bxf6 16. Rxd8 Rxd8 17. Bd3 Be6 18. h4 Rd6 19. g4 Rb6 20. b3 Rd8
21. h5 Bd4 22. Qe2 Rbd6 23. hxg6 hxg6 24. f4 Bd5 25. Rd1 Bc3 26. f5 g5 27. Qe3
Bf6 28. Be2 a5 29. c4 Bc6 30. Rxd6 Rxd6 31. Bf3 Bxf3 32. Qxf3 b6 33. Kc2 Bd4
34. a3 Bc5 35. f6 Bd4 36. Qf5 Bxf6 37. b4 axb4 38. axb4 Kg7 39. Kb3 Re6 40. c5
bxc5 41. bxc5 Re5 42. Qc8 Re7 43. c6 Re3+ 44. Kb4 Be5 45. Qd7 Re4+ 46. Kb5 Bf4
47. Kc5 Re6 48. c7 Bxc7 49. Qxc7 Rg6 50. Qe7 Re6 51. Qxg5+ Rg6 52. Qf5 Kg8 53.
Kd5 Kg7 54. Qc8 Re6 55. Qc3+ Kg8 56. Qh3 Kg7 57. Qh5 Rg6 58. Ke5 Re6+ 59. Kf4
Rg6 60. Qe5+ Kg8 61. Kf5 Rh6 62. Qb8+ Kg7 63. Qb2+ Kg8 64. Kg5 Rg6+ 65. Kh5 Kh7
66. Qc2 Kg7 67. Qc3+ Kh7 68. Qd3 Kg7 69. Qd4+ Kh7 70. Qe4 Kg7 71. Qe5+ Kh7 72.
Qe8 Kg7 73. g5 Re6 74. Qd8 Rg6 75. Kg4 Re6 76. Kf5 Rg6 77. Qd4+ Kg8 78. Qe5 Re6
79. Qxe6 fxe6+ 80. Kxe6 Kg7 81. Kf5 Kf7 82. g6+ Kg7 83. Kg5 Kg8 84. g7 Kxg7
1/2-1/2

[Event "6. Torneo Distrito Chamartin 2017"]
[Site "Madrid ESP"]
[Date "2017.09.07"]
[Round "6.5"]
[White "Yingrui, Lin"]
[Black "Elissalt Cardenas, Hector"]
[Result "0-1"]
[WhiteElo "2031"]
[BlackElo "2360"]
[PlyCount "102"]
[EventDate "2017.09.04"]
[EventType "swiss"]
[EventRounds "9"]
[EventCountry "ESP"]
[SourceTitle "Ajedrez en Madrid"]
[Source "lmi"]
[SourceDate "2017.09.04"]
[SourceVersion "1"]
[SourceVersionDate "2018.03.05"]
[SourceQuality "1"]

1. e4 d6 2. Nf3 Nf6 3. d3 e5 4. g3 g6 5. Bg2 Bg7 6. O-O O-O 7. Nc3 c5 8. Bg5 h6
9. Bxf6 Bxf6 10. Nd5 Bg7 11. c3 Nc6 12. Rc1 Be6 13. b4 cxb4 14. cxb4 Bxd5 15.
exd5 Nxb4 16. Qb3 Na6 17. Qxb7 Nc5 18. Qb5 Rb8 19. Qc4 Qa5 20. Rb1 Rfe8 21. d4
Rxb1 22. Rxb1 exd4 23. Nxd4 Qd2 24. Nf3 Qe2 25. Qxe2 Rxe2 26. Rb8+ Bf8 27. a4
Ra2 28. Nd4 Rxa4 29. Nc6 Ra1+ 30. Bf1 a5 31. f4 a4 32. f5 a3 33. f6 a2 34. Ra8
Nb3 35. Kg2 Rxf1 36. Kxf1 a1=Q+ 37. Rxa1 Nxa1 38. g4 Nb3 39. h4 Nd2+ 40. Kg2
Ne4 41. g5 hxg5 42. hxg5 Nxg5 43. Nb8 Nh7 44. Nd7 Bh6 45. Kg3 Bg5 46. Kg4 Nxf6+
47. Kxg5 Nxd7 48. Kh6 Nb6 49. Kg5 Nxd5 50. Kh6 Ne7 51. Kg5 Kg7 0-1

[Event "6. Torneo Distrito Chamartin 2017"]
[Site "Madrid ESP"]
[Date "2017.09.07"]
[Round "6.6"]
[White "Marcos Herrero, Francisco"]
[Black "Moreno Ibañez, Miguel"]
[Result "0-1"]
[WhiteElo "1872"]
[BlackElo "2289"]
[PlyCount "88"]
[EventDate "2017.09.04"]
[EventType "swiss"]
[EventRounds "9"]
[EventCountry "ESP"]
[SourceTitle "Ajedrez en Madrid"]
[Source "lmi"]
[SourceDate "2017.09.04"]
[SourceVersion "1"]
[SourceVersionDate "2018.03.05"]
[SourceQuality "1"]

1. Nf3 g6 2. c4 Bg7 3. d4 d6 4. g3 Nf6 5. Bg2 O-O 6. Nc3 c6 7. O-O Qa5 8. a3
Qh5 9. e4 Bg4 10. Qd3 c5 11. e5 Nfd7 12. exd6 exd6 13. Bf4 Nc6 14. Bxd6 Nxd4
15. Nxd4 cxd4 16. Bxf8 Rxf8 17. Nd5 Nc5 18. Qd2 Nb3 19. Qf4 Nxa1 20. Rxa1 Be2
21. Qe4 Bxc4 22. Ne7+ Kh8 23. Qxb7 d3 24. Bf3 Qe5 25. Rc1 Be6 26. Rd1 d2 27.
Nd5 Rc8 28. Kg2 Qxb2 29. Qxb2 Bxb2 30. Rxd2 Bxa3 31. Nf4 Bc1 32. Rd4 Bxf4 33.
Rxf4 Rc4 34. Rxc4 Bxc4 35. Bc6 Bb3 36. Kf3 a5 37. Ke3 a4 38. Kd4 a3 39. Kc3 a2
40. Kb2 Kg7 41. h4 Kf6 42. f4 h5 43. Be4 Be6 44. Ka1 Ke7 0-1

[Event "6. Torneo Distrito Chamartin 2017"]
[Site "Madrid ESP"]
[Date "2017.09.07"]
[Round "6.7"]
[White "Martinez Fernandez, Raul"]
[Black "Mkrtchyan, Levon"]
[Result "1-0"]
[WhiteElo "2180"]
[BlackElo "1964"]
[PlyCount "101"]
[EventDate "2017.09.04"]
[EventType "swiss"]
[EventRounds "9"]
[EventCountry "ESP"]
[SourceTitle "Ajedrez en Madrid"]
[Source "lmi"]
[SourceDate "2017.09.04"]
[SourceVersion "1"]
[SourceVersionDate "2018.03.05"]
[SourceQuality "1"]

1. e4 e6 2. d4 d5 3. Nc3 Bb4 4. exd5 exd5 5. Bd3 Nf6 6. Bg5 c6 7. Nge2 O-O 8.
O-O Bg4 9. f3 Bh5 10. Ng3 Bg6 11. f4 h6 12. Bh4 Nbd7 13. f5 Bh7 14. Nce2 Bd6
15. Nf4 Qc7 16. Ngh5 Nxh5 17. Nxh5 Bxh2+ 18. Kh1 g5 19. fxg6 fxg6 20. Qg4 Qd6
21. g3 Kh8 22. Nf4 g5 23. Bxh7 gxf4 24. Kxh2 Kxh7 25. Rae1 Rae8 26. Rxe8 Rxe8
27. Rxf4 Rf8 28. Rxf8 Nxf8 29. Qc8 b6 30. Qe8 Nd7 31. Qf7+ Kh8 32. Be7 Qb8 33.
Qg6 Qg8 34. Qxc6 Qg4 35. Qxh6+ Kg8 36. Qg5+ Qxg5 37. Bxg5 Kf7 38. Kg2 Nf8 39.
Kf3 Ne6 40. Be3 Kg6 41. c4 dxc4 42. Ke4 Kf7 43. Kd5 b5 44. Kc6 a6 45. d5 Nf8
46. Kb6 b4 47. Kxa6 c3 48. bxc3 bxc3 49. Kb5 c2 50. a4 Nd7 51. a5 1-0

[Event "6. Torneo Distrito Chamartin 2017"]
[Site "Madrid ESP"]
[Date "2017.09.07"]
[Round "6.8"]
[White "Lopez de Turiso, Jose Angel"]
[Black "Tarrio Ocaña, Jose Manuel"]
[Result "1-0"]
[WhiteElo "2050"]
[BlackElo "1869"]
[PlyCount "109"]
[EventDate "2017.09.04"]
[EventType "swiss"]
[EventRounds "9"]
[EventCountry "ESP"]
[SourceTitle "Ajedrez en Madrid"]
[Source "lmi"]
[SourceDate "2017.09.04"]
[SourceVersion "1"]
[SourceVersionDate "2018.03.05"]
[SourceQuality "1"]

1. d4 d5 2. c4 c6 3. cxd5 cxd5 4. Nc3 Nf6 5. Bf4 e6 6. e3 Bd6 7. Bb5+ Nc6 8.
Nge2 Bxf4 9. Nxf4 Bd7 10. Rc1 O-O 11. O-O Rc8 12. Bd3 Ne7 13. h4 Ng6 14. Nxg6
hxg6 15. g3 Qb6 16. Qe2 a6 17. Kg2 Qd6 18. f4 Bc6 19. Qf3 Qb4 20. Rc2 Ba4 21.
Rcf2 Bd7 22. Rh1 e5 23. fxe5 Ng4 24. Rd2 Nh6 25. Qf4 f6 26. Bxg6 fxe5 27. Qxe5
Rf6 28. h5 Rcf8 29. Qxd5+ Be6 30. Qc5 Qxc5 31. dxc5 Ng4 32. Nd1 Bxa2 33. Rh4
Be6 34. Be4 Bc8 35. Bd5+ Kh8 36. Rd4 Nxe3+ 37. Nxe3 Rf2+ 38. Kg1 Re2 39. Ng2
Rxb2 40. Rhf4 Re8 41. Rde4 Rd8 42. Rd4 Re8 43. Rf2 Rb1+ 44. Kh2 Rc1 45. Rc4 Ra1
46. Rcf4 Kh7 47. Rf8 Re5 48. Bg8+ Kh6 49. Rxc8 Rxh5+ 50. Nh4 g5 51. Rf6+ Kg7
52. Rg6+ Kh8 53. Bd5+ Kh7 54. Rc7+ Kh8 55. Rg8# 1-0

[Event "6. Torneo Distrito Chamartin 2017"]
[Site "Madrid ESP"]
[Date "2017.09.07"]
[Round "6.9"]
[White "Garcia Galeote, Lorenzo"]
[Black "Martinez Aragon, Aitor"]
[Result "1-0"]
[WhiteElo "1989"]
[BlackElo "1702"]
[PlyCount "59"]
[EventDate "2017.09.04"]
[EventType "swiss"]
[EventRounds "9"]
[EventCountry "ESP"]
[SourceTitle "Ajedrez en Madrid"]
[Source "lmi"]
[SourceDate "2017.09.04"]
[SourceVersion "1"]
[SourceVersionDate "2018.03.05"]
[SourceQuality "1"]

1. Nc3 d5 2. e4 d4 3. Nce2 e5 4. Ng3 Nf6 5. Nf3 Nc6 6. Bc4 Bg4 7. h3 Be6 8.
Bxe6 fxe6 9. d3 Bb4+ 10. Bd2 Qe7 11. a3 Bxd2+ 12. Qxd2 O-O-O 13. b4 a6 14. O-O
h6 15. Rfb1 g5 16. b5 axb5 17. Rxb5 g4 18. Nxe5 Nxe5 19. Rxe5 gxh3 20. gxh3 h5
21. Qa5 h4 22. Nf5 Qf7 23. Qa8+ Kd7 24. Qa4+ Kc8 25. Ra5 c6 26. Nxd4 Rhg8+ 27.
Kf1 Nh5 28. Rb1 Rxd4 29. Ra8+ Kc7 30. Rxb7+ 1-0

[Event "6. Torneo Distrito Chamartin 2017"]
[Site "Madrid ESP"]
[Date "2017.09.07"]
[Round "6.10"]
[White "Villar Reymundo, Juan Antonio"]
[Black "Delgado Alarcon, Jesus Francisco"]
[Result "1/2-1/2"]
[WhiteElo "2204"]
[BlackElo "2094"]
[PlyCount "66"]
[EventDate "2017.09.04"]
[EventType "swiss"]
[EventRounds "9"]
[EventCountry "ESP"]
[SourceTitle "Ajedrez en Madrid"]
[Source "lmi"]
[SourceDate "2017.09.04"]
[SourceVersion "1"]
[SourceVersionDate "2018.03.05"]
[SourceQuality "1"]

1. d4 f5 2. c4 Nf6 3. g3 e6 4. Bg2 d5 5. Nf3 c6 6. O-O Bd6 7. Nbd2 Nbd7 8. b3
O-O 9. Bb2 Ne4 10. Ne5 Qf6 11. Ndf3 Ng5 12. e3 Nxf3+ 13. Nxf3 g5 14. Qc1 g4 15.
Ne1 h5 16. Ba3 Bxa3 17. Qxa3 h4 18. Nd3 Rf7 19. Qd6 hxg3 20. hxg3 Qe7 21. Qxe7
Rxe7 22. Rac1 Nf6 23. f4 gxf3 24. Bxf3 Rg7 25. Kf2 Bd7 26. Rh1 Kf7 27. Rh6 Rag8
28. Rch1 Ke7 29. Nf4 Be8 30. R1h3 Bf7 31. Rh8 Rxg3 32. Rxg8 Rxg8 33. c5 Nd7
1/2-1/2

[Event "6. Torneo Distrito Chamartin 2017"]
[Site "Madrid ESP"]
[Date "2017.09.07"]
[Round "6.11"]
[White "Roa Alonso, Santiago"]
[Black "Alonso Abad, Enrique"]
[Result "1-0"]
[WhiteElo "2356"]
[BlackElo "1923"]
[PlyCount "97"]
[EventDate "2017.09.04"]
[EventType "swiss"]
[EventRounds "9"]
[EventCountry "ESP"]
[SourceTitle "Ajedrez en Madrid"]
[Source "lmi"]
[SourceDate "2017.09.04"]
[SourceVersion "1"]
[SourceVersionDate "2018.03.05"]
[SourceQuality "1"]

1. d4 f5 2. c4 Nf6 3. Nc3 g6 4. g3 Bg7 5. Bg2 d6 6. d5 O-O 7. Nh3 c6 8. Nf4 e5
9. dxe6 Re8 10. O-O Na6 11. Be3 Nc7 12. Rc1 Nxe6 13. Nxe6 Bxe6 14. b3 Qe7 15.
Qd2 Rad8 16. Bxa7 d5 17. cxd5 Nxd5 18. Nxd5 Bxd5 19. Bxd5+ Rxd5 20. Qe3 Re5 21.
Qf3 Rxe2 22. Bc5 Qe4 23. Qxe4 R2xe4 24. Rfd1 Bf8 25. Be3 Ba3 26. Rc2 Bb4 27.
Rd3 R8e6 28. Bf4 Kf7 29. a4 h5 30. h4 Re2 31. Rc4 R2e4 32. Rd7+ Re7 33. Rxe4
fxe4 34. Rd4 Bc5 35. Rc4 Ba7 36. Bg5 Re5 37. Rb4 b5 38. Bf4 Bc5 39. Rxb5 cxb5
40. Bxe5 Ke6 41. Bf4 bxa4 42. bxa4 Kd5 43. Kf1 Kc4 44. a5 Kb5 45. Bc7 Be7 46.
Kg2 g5 47. g4 gxh4 48. gxh5 Bg5 49. Bb6 1-0

[Event "6. Torneo Distrito Chamartin 2017"]
[Site "Madrid ESP"]
[Date "2017.09.07"]
[Round "6.12"]
[White "Bustos Bernardo, Samuel"]
[Black "Barragan Arriaza, Pablo"]
[Result "0-1"]
[WhiteElo "2096"]
[BlackElo "1908"]
[PlyCount "84"]
[EventDate "2017.09.04"]
[EventType "swiss"]
[EventRounds "9"]
[EventCountry "ESP"]
[SourceTitle "Ajedrez en Madrid"]
[Source "lmi"]
[SourceDate "2017.09.04"]
[SourceVersion "1"]
[SourceVersionDate "2018.03.05"]
[SourceQuality "1"]

1. Nf3 d5 2. d4 Nf6 3. c4 c6 4. Nc3 e6 5. Bg5 Nbd7 6. e3 Be7 7. Bd3 O-O 8. O-O
Re8 9. cxd5 exd5 10. Qc2 Nf8 11. h3 Nh5 12. Bxe7 Qxe7 13. Rae1 Nf6 14. e4 dxe4
15. Nxe4 Nxe4 16. Bxe4 Be6 17. d5 cxd5 18. Bxd5 Rad8 19. Be4 Ng6 20. Re3 Qf6
21. Rfe1 Re7 22. h4 Nxh4 23. Bxh7+ Kh8 24. Nxh4 Qxh4 25. Bd3 Red7 26. Re4 Qf6
27. R1e3 g6 28. Rf3 Bf5 29. b3 Qa1+ 30. Kh2 Bxe4 31. Bxe4 Kg8 32. Rh3 Qe5+ 33.
g3 Rd2 34. Qc4 R8d4 35. Qc8+ Rd8 36. Qxb7 Rxf2+ 37. Bg2 Rdd2 38. Kh1 Qe1+ 39.
Kh2 Qf1 40. Rh4 Qxg2+ 41. Qxg2 Rxg2+ 42. Kh1 Rge2 0-1

[Event "6. Torneo Distrito Chamartin 2017"]
[Site "Madrid ESP"]
[Date "2017.09.07"]
[Round "6.13"]
[White "Aziz Ortego, Omar Luis"]
[Black "Perez Gonzalez, Daniel"]
[Result "1-0"]
[WhiteElo "2069"]
[BlackElo "1894"]
[PlyCount "47"]
[EventDate "2017.09.04"]
[EventType "swiss"]
[EventRounds "9"]
[EventCountry "ESP"]
[SourceTitle "Ajedrez en Madrid"]
[Source "lmi"]
[SourceDate "2017.09.04"]
[SourceVersion "1"]
[SourceVersionDate "2018.03.05"]
[SourceQuality "1"]

1. e4 c5 2. c4 Nc6 3. Ne2 e6 4. d4 cxd4 5. Nxd4 Nf6 6. Nc3 Bb4 7. Nxc6 bxc6 8.
Bd3 e5 9. O-O Be7 10. Kh1 d6 11. f4 O-O 12. Qe1 Re8 13. f5 Nd7 14. Be3 f6 15.
Rf3 Bf8 16. Rd1 Qe7 17. Rh3 Bb7 18. Be2 Nb6 19. c5 dxc5 20. Na4 Nxa4 21. Bc4+
Qf7 22. Qe2 Nb6 23. Bxf7+ Kxf7 24. Rxh7 1-0

[Event "6. Torneo Distrito Chamartin 2017"]
[Site "Madrid ESP"]
[Date "2017.09.07"]
[Round "6.14"]
[White "Viñas Lopez, Carlos"]
[Black "Gomez Ferrer, Jesus"]
[Result "0-1"]
[WhiteElo "1894"]
[BlackElo "2035"]
[PlyCount "58"]
[EventDate "2017.09.04"]
[EventType "swiss"]
[EventRounds "9"]
[EventCountry "ESP"]
[SourceTitle "Ajedrez en Madrid"]
[Source "lmi"]
[SourceDate "2017.09.04"]
[SourceVersion "1"]
[SourceVersionDate "2018.03.05"]
[SourceQuality "1"]

1. d4 d5 2. c4 e6 3. Nc3 Nf6 4. cxd5 exd5 5. Bg5 Be7 6. Qc2 O-O 7. e3 Nbd7 8.
Bd3 Re8 9. Nf3 Nf8 10. O-O c6 11. Rab1 Ne4 12. Bxe7 Qxe7 13. b4 a6 14. a4 Ng6
15. b5 axb5 16. axb5 Bg4 17. Nd2 Nxd2 18. Qxd2 Nh4 19. e4 Bf3 20. Qf4 Bxg2 21.
exd5 cxd5 22. Rfc1 Ra3 23. Bf1 Bxf1 24. Kxf1 Rxc3 25. Re1 Qxe1+ 26. Rxe1 Rxe1+
27. Kxe1 Ng2+ 28. Kd2 Nxf4 29. Kxc3 b6 0-1

[Event "6. Torneo Distrito Chamartin 2017"]
[Site "Madrid ESP"]
[Date "2017.09.07"]
[Round "6.15"]
[White "Blesa Fernandez, Francisco"]
[Black "Camarero Izquierdo, Juan Carlos"]
[Result "1/2-1/2"]
[WhiteElo "2010"]
[BlackElo "1844"]
[PlyCount "143"]
[EventDate "2017.09.04"]
[EventType "swiss"]
[EventRounds "9"]
[EventCountry "ESP"]
[SourceTitle "Ajedrez en Madrid"]
[Source "lmi"]
[SourceDate "2017.09.04"]
[SourceVersion "1"]
[SourceVersionDate "2018.03.05"]
[SourceQuality "1"]

1. d4 f5 2. g3 e6 3. Bg2 d5 4. c4 c6 5. Nf3 Nf6 6. O-O Bd6 7. Bf4 O-O 8. Nbd2
Ne4 9. Bxd6 Qxd6 10. c5 Qe7 11. Ne5 Nd7 12. f4 Nxe5 13. fxe5 Bd7 14. Nxe4 fxe4
15. Qd2 Rf5 16. Rxf5 exf5 17. Rf1 Rf8 18. Qa5 Qg5 19. Rf4 Qh6 20. h4 g5 21.
hxg5 Qxg5 22. Kf2 e3+ 23. Kxe3 Qxg3+ 24. Bf3 Qg1+ 25. Kd2 Qb1 26. Qc3 Kh8 27.
Rh4 Rg8 28. Rh1 Qxa2 29. Qa3 Qxa3 30. bxa3 Kg7 31. Ke3 h6 32. Kf4 b5 33. e6
Bxe6 34. Ke5 Bd7 35. Kd6 Be8 36. Ke7 Kh7 37. a4 a6 38. axb5 axb5 39. Ra1 h5 40.
Kf6 Bg6 41. Ra7+ Kh6 42. Rc7 Be8 43. Kxf5 h4 44. Ra7 Rg1 45. Ra8 Bg6+ 46. Kf6
b4 47. Rb8 Rb1 48. Bg4 Rf1+ 49. Ke5 Kg5 50. Bd7 Rf2 51. Rxb4 Bf5 52. Bxc6 Rxe2+
53. Kxd5 h3 54. Rb8 h2 55. Rh8 Be4+ 56. Kd6 Bxc6 57. Kxc6 Re6+ 58. Kd7 Rh6 59.
Rxh6 Kxh6 60. c6 h1=Q 61. c7 Qd5+ 62. Kc8 Qxd4 63. Kb8 Qb6+ 64. Ka8 Qa6+ 65.
Kb8 Qd6 66. Kb7 Qd7 67. Kb8 Qb5+ 68. Ka8 Qe8+ 69. Kb7 Qd7 70. Kb8 Qd6 71. Kb7
Qb4+ 72. Ka8 1/2-1/2

[Event "6. Torneo Distrito Chamartin 2017"]
[Site "Madrid ESP"]
[Date "2017.09.07"]
[Round "6.17"]
[White "Alcoz Coll, Gonzalo"]
[Black "Fernandez Aransay, Fernando"]
[Result "1-0"]
[WhiteElo "1960"]
[BlackElo "1844"]
[PlyCount "129"]
[EventDate "2017.09.04"]
[EventType "swiss"]
[EventRounds "9"]
[EventCountry "ESP"]
[SourceTitle "Ajedrez en Madrid"]
[Source "lmi"]
[SourceDate "2017.09.04"]
[SourceVersion "1"]
[SourceVersionDate "2018.03.05"]
[SourceQuality "1"]

1. e4 c5 2. c3 d6 3. d4 Nf6 4. Bd3 Nc6 5. Nf3 Bg4 6. Be3 e6 7. a3 Be7 8. O-O
O-O 9. Nbd2 cxd4 10. cxd4 e5 11. d5 Nd4 12. Bxd4 exd4 13. h3 Bxf3 14. Nxf3 Nd7
15. Nxd4 Qb6 16. Nf5 Bf6 17. Rb1 g6 18. Ne3 Rfe8 19. Nc4 Qc7 20. Rc1 Qb8 21. b4
Ne5 22. Ne3 a6 23. Kh1 Qa7 24. Qe2 Bg7 25. f4 Nxd3 26. Qxd3 Qd4 27. Qxd4 Bxd4
28. Nc4 Rad8 29. Rce1 Bc3 30. Rc1 Bd4 31. Rfe1 Bf2 32. Re2 Bg3 33. Rf1 f5 34.
Re3 Bh4 35. g3 Bf6 36. exf5 Rxe3 37. Nxe3 Re8 38. Nc4 gxf5 39. Nxd6 Rd8 40.
Nxb7 Rxd5 41. Rf3 Rd2 42. Rb3 Bd4 43. Nd6 Rf2 44. Nxf5 Rf1+ 45. Kg2 Rf2+ 46.
Kg1 Bb6 47. Ne3 Rf3 48. Kg2 Rxe3 49. Rxe3 Bxe3 50. Kf3 Bc1 51. a4 Bd2 52. b5
axb5 53. axb5 Ba5 54. Ke4 Kf7 55. Kd5 Kf6 56. Kc6 Be1 57. g4 Bg3 58. f5 h5 59.
Kd7 Bf2 60. Kc6 Bd4 61. b6 Be5 62. Kd7 hxg4 63. hxg4 Kg5 64. Ke6 Bf6 65. b7 1-0

[Event "6. Torneo Distrito Chamartin 2017"]
[Site "Madrid ESP"]
[Date "2017.09.07"]
[Round "6.18"]
[White "Clavero Alarcon, Jose Miguel"]
[Black "Lobato Lavin, Alvaro"]
[Result "1/2-1/2"]
[WhiteElo "1824"]
[BlackElo "1937"]
[PlyCount "79"]
[EventDate "2017.09.04"]
[EventType "swiss"]
[EventRounds "9"]
[EventCountry "ESP"]
[SourceTitle "Ajedrez en Madrid"]
[Source "lmi"]
[SourceDate "2017.09.04"]
[SourceVersion "1"]
[SourceVersionDate "2018.03.05"]
[SourceQuality "1"]

1. e4 c5 2. Nf3 d6 3. d4 cxd4 4. Nxd4 Nf6 5. Nc3 a6 6. f4 e5 7. Nf3 Qc7 8. Bd3
Be7 9. Qe2 O-O 10. Be3 Nbd7 11. a4 b6 12. O-O Bb7 13. Rad1 Nc5 14. Bc1 Rfe8 15.
fxe5 dxe5 16. Nh4 Ne6 17. Qf3 g6 18. Nd5 Bxd5 19. exd5 Qc5+ 20. Kh1 Qxd5 21.
Qf2 Qc6 22. Rde1 Qc7 23. b3 Rf8 24. Bb2 Nd4 25. Rxe5 Qxe5 26. Bxd4 Ng4 27. Qg1
Qxh2+ 28. Qxh2 Nxh2 29. Rf4 Bg5 30. Re4 Rfe8 31. Kxh2 Rxe4 32. Bxe4 Re8 33. Bb7
Bxh4 34. Bxa6 Bd8 35. Kg3 Re4 36. Bg1 f5 37. Kf3 g5 38. Bd3 g4+ 39. Kg3 Bc7+
40. Kh4 1/2-1/2

[Event "6. Torneo Distrito Chamartin 2017"]
[Site "Madrid ESP"]
[Date "2017.09.07"]
[Round "6.19"]
[White "Martinez Miura, Enrique"]
[Black "Zhou, Lulu"]
[Result "0-1"]
[WhiteElo "1684"]
[BlackElo "1928"]
[PlyCount "46"]
[EventDate "2017.09.04"]
[EventType "swiss"]
[EventRounds "9"]
[EventCountry "ESP"]
[SourceTitle "Ajedrez en Madrid"]
[Source "lmi"]
[SourceDate "2017.09.04"]
[SourceVersion "1"]
[SourceVersionDate "2018.03.05"]
[SourceQuality "1"]

1. e4 e5 2. Nf3 Nc6 3. Bb5 a6 4. Ba4 Nf6 5. O-O Be7 6. Re1 b5 7. Bb3 d6 8. h3
Na5 9. c3 Nxb3 10. Qxb3 Be6 11. Qc2 c5 12. d3 O-O 13. Be3 Qc7 14. Nbd2 Rfe8 15.
Nf1 h6 16. Ng3 Bf8 17. Rec1 Bd7 18. Qe2 d5 19. a4 bxa4 20. exd5 Nxd5 21. d4
Nxe3 22. fxe3 exd4 23. cxd4 Qxg3 0-1

[Event "6. Torneo Distrito Chamartin 2017"]
[Site "Madrid ESP"]
[Date "2017.09.07"]
[Round "6.20"]
[White "Cardena Contreras, Javier"]
[Black "Santamaria Baeza, Adolfo"]
[Result "0-1"]
[WhiteElo "1925"]
[BlackElo "1796"]
[PlyCount "139"]
[EventDate "2017.09.04"]
[EventType "swiss"]
[EventRounds "9"]
[EventCountry "ESP"]
[SourceTitle "Ajedrez en Madrid"]
[Source "lmi"]
[SourceDate "2017.09.04"]
[SourceVersion "1"]
[SourceVersionDate "2018.03.05"]
[SourceQuality "1"]

1. e4 e5 2. Nf3 Nc6 3. Bb5 Nge7 4. Nc3 Ng6 5. d4 Bb4 6. O-O Bxc3 7. bxc3 d6 8.
Bg5 f6 9. Be3 O-O 10. Qd3 Nce7 11. h3 Kh8 12. dxe5 fxe5 13. Nh2 Nf4 14. Bxf4
Rxf4 15. g3 Rf8 16. Kg2 Ng6 17. Qe3 Be6 18. Be2 Qe8 19. Bg4 Bc4 20. Rfe1 Qf7
21. Nf3 h6 22. Kh2 Ne7 23. Kg1 a6 24. a4 b6 25. Nh4 Qf6 26. Nf5 Kh7 27. Nxe7
Qxe7 28. h4 Rf6 29. h5 Raf8 30. Bf5+ Kh8 31. g4 a5 32. Red1 Be6 33. Qg3 Bf7 34.
Qe3 Bg8 35. Kg2 Bh7 36. Rd2 Qe8 37. Ra3 Qc6 38. Kg1 Bg8 39. f3 b5 40. axb5 Qxb5
41. Rg2 Qb6 42. Qxb6 cxb6 43. Rd2 Rd8 44. Ra1 Bf7 45. Kf2 Ra8 46. Bd7 Bc4 47.
Ke3 b5 48. Bf5 a4 49. Ra3 Kg8 50. Bd7 Raf8 51. Bf5 Kf7 52. Ra1 Ke7 53. Rg2 Kd8
54. g5 hxg5 55. Rxg5 R8f7 56. Rag1 a3 57. Rxg7 Rxg7 58. Rxg7 a2 59. Ra7 Rh6 60.
Bg6 Kc8 61. f4 Kb8 62. Ra3 Kb7 63. f5 Rh8 64. h6 Rxh6 65. Kf3 Rh1 66. Kg2 a1=Q
67. Rxa1 Rxa1 68. f6 Rf1 69. f7 Rf6 70. Kh3 0-1

[Event "6. Torneo Distrito Chamartin 2017"]
[Site "Madrid ESP"]
[Date "2017.09.07"]
[Round "6.21"]
[White "Solaesa Navalpotro, Luis Julio"]
[Black "Callejo Hernanz, Jesus Maria"]
[Result "1-0"]
[WhiteElo "2272"]
[BlackElo "1820"]
[PlyCount "71"]
[EventDate "2017.09.04"]
[EventType "swiss"]
[EventRounds "9"]
[EventCountry "ESP"]
[SourceTitle "Ajedrez en Madrid"]
[Source "lmi"]
[SourceDate "2017.09.04"]
[SourceVersion "1"]
[SourceVersionDate "2018.03.05"]
[SourceQuality "1"]

1. d4 d5 2. c4 c6 3. Nf3 Nf6 4. Qc2 g6 5. Bf4 Bg7 6. e3 O-O 7. Bd3 dxc4 8. Bxc4
Bf5 9. Qe2 Qa5+ 10. Nbd2 Nbd7 11. O-O Ne4 12. Nb3 Qb6 13. Nh4 e5 14. dxe5 Nxe5
15. Nxf5 gxf5 16. Bxe5 Bxe5 17. Qh5 Qc7 18. Qxf5 Bxh2+ 19. Kh1 Qe5 20. Qh3 Bg3
21. Bd3 Kh8 22. Bxe4 Qxe4 23. Qxg3 Rg8 24. Qh3 Rg5 25. f4 Rg6 26. Qf3 Qe7 27.
f5 Rh6+ 28. Kg1 Rg8 29. Qf4 Rh4 30. f6 Rxf4 31. fxe7 Rfg4 32. Rf2 Re4 33. Rxf7
Rxe3 34. Kf2 Reg3 35. Rg1 h5 36. e8=Q 1-0

[Event "6. Torneo Distrito Chamartin 2017"]
[Site "Madrid ESP"]
[Date "2017.09.07"]
[Round "6.23"]
[White "Gonzalez Aguirre, Luis"]
[Black "Perez Cameselle, Francisco Jose"]
[Result "1-0"]
[WhiteElo "2119"]
[BlackElo "1789"]
[PlyCount "81"]
[EventDate "2017.09.04"]
[EventType "swiss"]
[EventRounds "9"]
[EventCountry "ESP"]
[SourceTitle "Ajedrez en Madrid"]
[Source "lmi"]
[SourceDate "2017.09.04"]
[SourceVersion "1"]
[SourceVersionDate "2018.03.05"]
[SourceQuality "1"]

1. Nf3 Nf6 2. c4 b6 3. g3 Bb7 4. Bg2 e6 5. O-O Be7 6. d4 O-O 7. Nc3 d5 8. Ne5
Nbd7 9. f4 c5 10. e3 cxd4 11. exd4 Qc8 12. cxd5 Nxd5 13. Nxd5 Bxd5 14. Bxd5
exd5 15. Bd2 Qb7 16. Qb3 Nf6 17. Bb4 Bxb4 18. Qxb4 Rac8 19. Rac1 Ne4 20. Qb5
Nd6 21. Qb3 Rxc1 22. Rxc1 Rc8 23. Rxc8+ Nxc8 24. Qb5 Nd6 25. Qb3 f6 26. Nd3 a5
27. Nc1 Qc6 28. Ne2 Qc4 29. Qxc4 dxc4 30. a4 b5 31. axb5 Nxb5 32. Kf2 Kf7 33.
Ke3 f5 34. Nc3 Nd6 35. d5 Ke7 36. Kd4 g6 37. Nd1 Kd7 38. Ne3 a4 39. Nxc4 Nb5+
40. Kc5 Nc7 41. Nb6+ 1-0

[Event "6. Torneo Distrito Chamartin 2017"]
[Site "Madrid ESP"]
[Date "2017.09.07"]
[Round "6.24"]
[White "Lizon Martinez, Santiago"]
[Black "Lozano Freras, Sergio"]
[Result "1/2-1/2"]
[WhiteElo "1750"]
[BlackElo "1969"]
[PlyCount "60"]
[EventDate "2017.09.04"]
[EventType "swiss"]
[EventRounds "9"]
[EventCountry "ESP"]
[SourceTitle "Ajedrez en Madrid"]
[Source "lmi"]
[SourceDate "2017.09.04"]
[SourceVersion "1"]
[SourceVersionDate "2018.03.05"]
[SourceQuality "1"]

1. e4 d6 2. d4 Nf6 3. Bd3 e5 4. c3 Be7 5. h3 O-O 6. Nf3 Nbd7 7. O-O c6 8. Nbd2
Qc7 9. Re1 a5 10. Nf1 Re8 11. Ng3 Bf8 12. Nf5 Nb6 13. N3h4 Be6 14. Bg5 Nbd7 15.
Qf3 h6 16. Bxf6 Nxf6 17. Nxh6+ gxh6 18. Qxf6 Qd8 19. Qxd8 Raxd8 20. Nf3 Bg7 21.
Rad1 b5 22. d5 Bd7 23. Nh4 c5 24. Re3 c4 25. Be2 Bf6 26. Rg3+ Kf8 27. Nf3 Ke7
28. Nh2 Rg8 29. Bg4 Be8 30. Nf1 Bg5 1/2-1/2